JSET : (Record no. 231410)
[ view plain ]
| 000 -LEADER | |
|---|---|
| fixed length control field | 01113nam a22002417a 4500 |
| 003 - CONTROL NUMBER IDENTIFIER | |
| control field | OSt |
| 005 - DATE AND TIME OF LATEST TRANSACTION | |
| control field | 20240709091849.0 |
| 008 - FIXED-LENGTH DATA ELEMENTS--GENERAL INFORMATION | |
| fixed length control field | 240708b ||||| |||| 00| 0 eng d |
| 022 ## - INTERNATIONAL STANDARD SERIAL NUMBER | |
| Source | 09756159 |
| 040 ## - CATALOGING SOURCE | |
| Transcribing agency | AIMIT LIBRARY |
| 082 ## - DEWEY DECIMAL CLASSIFICATION NUMBER | |
| Classification number | 005.368 |
| Item number | SOFT |
| 110 ## - MAIN ENTRY--CORPORATE NAME | |
| Corporate name or jurisdiction name as entry element | International Science Press |
| 9 (RLIN) | 172852 |
| 245 ## - TITLE STATEMENT | |
| Title | JSET : |
| Statement of responsibility, etc. | By International Science Press |
| Remainder of title | Journal of software engineering and technology / |
| 260 ## - PUBLICATION, DISTRIBUTION, ETC. | |
| Place of publication, distribution, etc. | Haryana ; |
| Name of publisher, distributor, etc. | International Science Press , |
| Date of publication, distribution, etc. | 2015,2016,2017. |
| 300 ## - PHYSICAL DESCRIPTION | |
| Other physical details | HB |
| Dimensions | 27.5 cm |
| 440 ## - SERIES STATEMENT/ADDED ENTRY--TITLE | |
| Title | JSET: Journal of software engineering and technology. |
| Volume/sequential designation | Vol.7 No.1-2/2015, Vol.8 No.1-2/2016, Vol.9 No 1-2/2017. |
| 9 (RLIN) | 172853 |
| 440 ## - SERIES STATEMENT/ADDED ENTRY--TITLE | |
| Volume/sequential designation | Vol.5 No.1-2/2013, Vol.6 No.1-2/2014. |
| 440 ## - SERIES STATEMENT/ADDED ENTRY--TITLE | |
| Volume/sequential designation | Vol.2 No.1-2/2010, Vol.3 No.1/2011,Vol.4 No.1-2/2012. |
| 650 ## - SUBJECT ADDED ENTRY--TOPICAL TERM | |
| Topical term or geographic name entry element | Design of adaptive B-spline filter and application to Hybrid echo cancellation |
| 9 (RLIN) | 172854 |
| 650 ## - SUBJECT ADDED ENTRY--TOPICAL TERM | |
| Topical term or geographic name entry element | Efficient and optimized allocation of tasks in multirobot workcell |
| 9 (RLIN) | 172855 |
| 650 ## - SUBJECT ADDED ENTRY--TOPICAL TERM | |
| Topical term or geographic name entry element | A new perspective on hybrid intelligence and multiresolution analysis in industrial applications |
| 9 (RLIN) | 172856 |
| 942 ## - ADDED ENTRY ELEMENTS (KOHA) | |
| Source of classification or shelving scheme | Dewey Decimal Classification |
| Koha item type | Bound Volume |
| Call number prefix | 005.368 SOFT |
| Withdrawn status | Lost status | Source of classification or shelving scheme | Damaged status | Not for loan | Collection code | Home library | Current library | Shelving location | Date acquired | Serial Enumeration / chronology | Total Checkouts | Full call number | Barcode | Date last seen | Price effective from | Koha item type |
|---|---|---|---|---|---|---|---|---|---|---|---|---|---|---|---|---|
| Dewey Decimal Classification | MCA | St Aloysius Institute of Management & Information Technology | St Aloysius Institute of Management & Information Technology | Bound Volume Section | 07/08/2024 | Vol.7 No.1-2/2015/ Vol.8 No.1-2/2016/ Vol.9 No.1-2/2017 | 005.368 SOFT | BVI124 | 07/08/2024 | 07/08/2024 | Bound Volume | |||||
| Dewey Decimal Classification | MCA | St Aloysius Institute of Management & Information Technology | St Aloysius Institute of Management & Information Technology | Bound Volume Section | 07/08/2024 | Vol.5 No.1-2/ 2013/ Vol.6 No.1-2/2014 | 005.368 SOFT | BVI123 | 07/09/2024 | 07/08/2024 | Bound Volume | |||||
| Dewey Decimal Classification | MCA | St Aloysius Institute of Management & Information Technology | St Aloysius Institute of Management & Information Technology | Bound Volume Section | 07/08/2024 | Vol.2 No.1-2/ 2010/ Vol.3 No.1/2011/ Vol.4 No.1-2/2012 | 005.368 SOFT | BVI122 | 07/09/2024 | 07/08/2024 | Bound Volume |